[Event "Ste-Foy 1"]
[Site "Ste-Foy CAN"]
[Date "2022.11.14"]
[Round "2"]
[White "Mercure, Gilbert"]
[Black "Berube, Antoine"]
[Result "0-1"]
[WhiteElo "1922"]
[BlackElo "2158"]
[PlyCount "78"]
[EventDate "2022.11.07"]
[EventType "swiss"]
[EventRounds "7"]
[EventCountry "CAN"]

1. e4 c5 2. d4 cxd4 3. c3 dxc3 4. Nxc3 Nc6 5. Nf3 d6 6. Bc4 a6 7. O-O Nf6 8. h3
e6 9. Qe2 Be7 10. Rd1 Qc7 11. Bf4 Ne5 12. Bxe5 dxe5 13. Rac1 Qb8 14. a3 O-O 15.
Nh2 b5 16. Ba2 b4 17. axb4 Qxb4 18. g4 Nd7 19. Nf3 Rd8 20. Bb1 Bb7 21. Na2 Qb6
22. Nc3 Qa5 23. Rd2 Nf8 24. Rcd1 Ng6 25. Rxd8+ Rxd8 26. Rxd8+ Bxd8 27. Qd3 Qc7
28. Ne2 Be7 29. Bc2 a5 30. Ba4 h6 31. Nd2 Qb6 32. Bb5 Bh4 33. Be8 Qxf2+ 34. Kh1
Nf4 35. Nxf4 Qxf4 36. Kg2 Bg5 37. Nf3 Bxe4 38. Bxf7+ Kxf7 39. Qd7+ Be7 0-1

[Event "Ste-Foy 1"]
[Site "Ste-Foy CAN"]
[Date "2022.11.14"]
[Round "2"]
[White "Sarra-Bournet, Marc"]
[Black "Gingras, Philippe"]
[Result "0-1"]
[WhiteElo "1767"]
[BlackElo "1936"]
[PlyCount "102"]
[EventDate "2022.11.07"]
[EventType "swiss"]
[EventRounds "7"]
[EventCountry "CAN"]

1. e4 c6 2. d4 d5 3. Nc3 dxe4 4. Nxe4 Nf6 5. Nxf6+ exf6 6. Bf4 Qa5+ 7. c3 Be7
8. Bd3 O-O 9. Ne2 Re8 10. O-O Nd7 11. Ng3 Nf8 12. Qf3 Be6 13. c4 Ng6 14. Be3
Nh4 15. Qd1 Rad8 16. a3 Qc7 17. b3 f5 18. f4 Bf6 19. Ne2 Bxc4 20. Bxc4 Rxe3 21.
Qd2 Rxe2 22. Qxe2 Bxd4+ 23. Kh1 Bxa1 24. Rxa1 Qxf4 25. Qe7 Rf8 26. Re1 Ng6 27.
Qxb7 Qd2 28. Rf1 Ne5 29. Qxa7 Nxc4 30. bxc4 Qe2 31. Rxf5 Qxc4 32. Qf2 Qc1+ 33.
Qg1 Qxa3 34. Rc5 Qa4 35. Qc1 Rd8 36. Rc2 Qd4 37. h3 Qd1+ 38. Kh2 Qxc1 39. Rxc1
Rc8 40. Kg3 f6 41. Kf4 Kf7 42. Ke4 Ke6 43. g3 c5 44. Rc3 f5+ 45. Kf4 Kf6 46. h4
h6 47. h5 c4 48. g4 fxg4 49. Kxg4 Rc5 50. Rf3+ Ke6 51. Rc3 Ke5 0-1

[Event "Ste-Foy 1"]
[Site "Ste-Foy CAN"]
[Date "2022.11.14"]
[Round "2"]
[White "Warren, Alexandre"]
[Black "Couture, Francois"]
[Result "0-1"]
[WhiteElo "1428"]
[BlackElo "1186"]
[PlyCount "86"]
[EventDate "2022.11.07"]
[EventType "swiss"]
[EventRounds "7"]
[EventCountry "CAN"]

1. d4 d5 2. Bf4 e6 3. e3 Nf6 4. Nd2 Bd6 5. Bg3 Nbd7 6. Bd3 Bxg3 7. hxg3 c5 8.
c3 c4 9. Bc2 e5 10. dxe5 Nxe5 11. Ndf3 Bg4 12. Qd4 Nc6 13. Ba4 O-O 14. Bxc6
bxc6 15. Ne5 Qc8 16. Ngf3 Bxf3 17. gxf3 Re8 18. O-O-O Qc7 19. f4 c5 20. Qd2
Red8 21. f3 Rd6 22. Nxc4 Ra6 23. Ne5 Rxa2 24. g4 Rb8 25. Nd3 Qa5 26. Qc2 Qb6
27. Kd2 a5 28. Qb1 Qb3 29. g5 Nd7 30. Ke1 c4 31. Nc1 Qb6 32. Qxh7+ Kf8 33. Rd4
Ra1 34. Qc2 Qxb2 35. Qxb2 Rxb2 36. Kd1 Nc5 37. Rd2 Rbb1 38. Kc2 Nb3 39. Rh8+
Ke7 40. Nxb3 cxb3+ 41. Kd3 Ra2 42. Rhh2 b2 43. Kc2 Rf1 0-1

[Event "Ste-Foy 1"]
[Site "Ste-Foy CAN"]
[Date "2022.11.21"]
[Round "3"]
[White "Berube, Antoine"]
[Black "Belanger, Mathieu-Olivier"]
[Result "1/2-1/2"]
[WhiteElo "2158"]
[BlackElo "1797"]
[PlyCount "68"]
[EventDate "2022.11.07"]
[EventType "swiss"]
[EventRounds "7"]
[EventCountry "CAN"]

1. d4 Nf6 2. c4 e6 3. Nc3 d5 4. cxd5 exd5 5. Bg5 c6 6. Qc2 Na6 7. e3 Nb4 8. Qd2
Bf5 9. Rc1 a5 10. Nf3 Be7 11. a3 Ne4 12. Nxe4 dxe4 13. Bxe7 Qxe7 14. axb4 exf3
15. bxa5 fxg2 16. Bxg2 Qg5 17. Bf3 Bh3 18. Rc5 Qf6 19. Re5+ Be6 20. Bg4 O-O 21.
Bxe6 fxe6 22. f4 Qg6 23. Kf2 Rf5 24. Rg1 Qh6 25. Kg2 Rxe5 26. dxe5 Qg6+ 27. Kf2
Qh5 28. Rg2 Qh4+ 29. Kg1 Rd8 30. Qe2 Rd5 31. b4 Rb5 32. Qd2 Rd5 33. Qe2 Rb5 34.
Qd2 Rd5 1/2-1/2

[Event "Ste-Foy 1"]
[Site "Ste-Foy CAN"]
[Date "2022.11.21"]
[Round "3"]
[White "Chabot, Michelin"]
[Black "Potvin, Alain-Nicolas"]
[Result "0-1"]
[WhiteElo "1521"]
[BlackElo "1677"]
[PlyCount "66"]
[EventDate "2022.11.07"]
[EventType "swiss"]
[EventRounds "7"]
[EventCountry "CAN"]

1. d4 g6 2. c4 Bg7 3. e3 d6 4. Nf3 Nc6 5. a3 Bg4 6. Nbd2 e5 7. dxe5 dxe5 8. Qc2
Qe7 9. Be2 Nf6 10. h3 Bd7 11. O-O O-O 12. Re1 Ne8 13. Rb1 f5 14. b4 e4 15. Nh2
Qg5 16. Bb2 Nf6 17. c5 Rae8 18. Bc4+ Kh8 19. Kh1 Ne5 20. f4 exf3 21. Nhxf3 Nxf3
22. Nxf3 Qg3 23. Rbd1 Bc6 24. Qe2 Ne4 25. Bxg7+ Kxg7 26. Qb2+ Kh6 27. Kg1 Ng5
28. Nxg5 Kxg5 29. Qf2 Qxf2+ 30. Kxf2 f4 31. exf4+ Rxf4+ 32. Kg1 Rxe1+ 33. Rxe1
Rxc4 0-1

[Event "Ste-Foy 1"]
[Site "Ste-Foy CAN"]
[Date "2022.11.21"]
[Round "3"]
[White "Couture, Francois"]
[Black "Sarra-Bournet, Marc"]
[Result "0-1"]
[WhiteElo "1186"]
[BlackElo "1767"]
[PlyCount "70"]
[EventDate "2022.11.07"]
[EventType "swiss"]
[EventRounds "7"]
[EventCountry "CAN"]

1. d4 d5 2. c4 e6 3. cxd5 exd5 4. Nc3 Nf6 5. Bg5 Nbd7 6. Nf3 Be7 7. e3 O-O 8.
Bd3 c6 9. O-O h6 10. Bh4 Ne4 11. Bxe7 Qxe7 12. Qc2 Re8 13. Ne2 Ng5 14. Nxg5
Qxg5 15. Nf4 Nf6 16. h3 Nh5 17. Nxh5 Qxh5 18. Be2 Qg5 19. Kh2 Re4 20. f4 Qe7
21. Qc5 Qxc5 22. dxc5 Rxe3 23. Rae1 Bd7 24. Bg4 Rxe1 25. Rxe1 Bxg4 26. hxg4 Kf8
27. Kg3 Re8 28. Re5 Rxe5 29. fxe5 Ke7 30. Kf4 Ke6 31. b4 g5+ 32. Ke3 Kxe5 33.
a4 a6 34. g3 d4+ 35. Kd3 Kd5 0-1

[Event "Ste-Foy 1"]
[Site "Ste-Foy CAN"]
[Date "2022.11.21"]
[Round "3"]
[White "Gingras, Philippe"]
[Black "Drolet, Stephane"]
[Result "1-0"]
[WhiteElo "1936"]
[BlackElo "2156"]
[PlyCount "83"]
[EventDate "2022.11.07"]
[EventType "swiss"]
[EventRounds "7"]
[EventCountry "CAN"]

1. d4 e6 2. Nc3 Bb4 3. e4 d5 4. Bd3 Nf6 5. Bg5 h6 6. Bxf6 Qxf6 7. Nf3 O-O 8.
O-O Qd8 9. a3 Be7 10. Qd2 b6 11. Rad1 Bb7 12. Qf4 a6 13. Rfe1 Nd7 14. exd5 exd5
15. Rxe7 Qxe7 16. Qxc7 Bc8 17. Nxd5 Qd8 18. Qd6 b5 19. Bf5 Ra7 20. Ne7+ Kh8 21.
Nxc8 Qxc8 22. Ne5 Qb8 23. Qxb8 Nxb8 24. f4 Re8 25. Kf2 f6 26. Bg6 Rc8 27. Nf3
Nc6 28. b3 Ne7 29. Bd3 Nd5 30. g3 Nc3 31. Re1 g5 32. Re6 Kg7 33. fxg5 hxg5 34.
h4 Kf7 35. Bf5 gxh4 36. gxh4 Rcc7 37. h5 Kg7 38. Bg6 a5 39. Nh4 Kh6 40. Kg3 a4
41. Kg4 Kg7 42. Nf5+ 1-0

[Event "Ste-Foy 1"]
[Site "Ste-Foy CAN"]
[Date "2022.11.21"]
[Round "3"]
[White "Jardine, Robert"]
[Black "Gaudreau, Eric"]
[Result "0-1"]
[WhiteElo "1167"]
[BlackElo "1658"]
[PlyCount "64"]
[EventDate "2022.11.07"]
[EventType "swiss"]
[EventRounds "7"]
[EventCountry "CAN"]

1. d3 e5 2. Nf3 Nc6 3. c3 d5 4. Qa4 Bd6 5. e4 Nf6 6. Bg5 dxe4 7. dxe4 O-O 8.
Be2 Bd7 9. Qc2 h6 10. Bxf6 Qxf6 11. Nbd2 Ne7 12. h3 Ng6 13. g3 a5 14. Nc4 Bc5
15. Rd1 Be6 16. b3 h5 17. Ne3 Bxe3 18. fxe3 Qe7 19. Bf1 Qc5 20. Kf2 f5 21. exf5
Bxf5 22. Qe2 Be4 23. Bg2 Bxf3 24. Qc4+ Qxc4 25. bxc4 Bxd1+ 26. Kg1 c6 27. Rh2
Bf3 28. Bf1 e4 29. c5 Ne5 30. Rb2 Rf7 31. Rd2 Rd7 32. Rxd7 Nxd7 0-1

[Event "Ste-Foy 1"]
[Site "Ste-Foy CAN"]
[Date "2022.11.21"]
[Round "3"]
[White "Laurendeau, Alfred"]
[Black "Mercure, Gilbert"]
[Result "1-0"]
[WhiteElo "1508"]
[BlackElo "1922"]
[PlyCount "115"]
[EventDate "2022.11.07"]
[EventType "swiss"]
[EventRounds "7"]
[EventCountry "CAN"]

1. e4 d5 2. exd5 Nf6 3. Nc3 Nxd5 4. Nf3 Bg4 5. Be2 e6 6. O-O Nc6 7. Ne5 Nxe5 8.
Bxg4 h5 9. Bf3 c6 10. d4 Nxc3 11. bxc3 Nxf3+ 12. Qxf3 Qd5 13. Qd3 c5 14. Qb5+
Qd7 15. Rb1 O-O-O 16. Be3 Qxb5 17. Rxb5 Rd5 18. Rfb1 cxd4 19. Rxd5 dxe3 20.
Rdb5 exf2+ 21. Kxf2 b6 22. a4 Bc5+ 23. Ke2 Rh6 24. Rf1 f5 25. Rbb1 Rf6 26. Rbd1
g6 27. h3 e5 28. g4 hxg4 29. hxg4 f4 30. Kf3 Rc6 31. Ke4 Be3 32. Rd3 Rc5 33.
Rh1 Bf2 34. Rh8+ Kb7 35. Rg8 Be1 36. Rxg6 Bxc3 37. Rd7+ Ka6 38. Rgg7 Ka5 39.
Rxa7+ Kb4 40. Rg6 Rc4+ 41. Kf3 Bd4 42. g5 b5 43. Rb7 Kxa4 44. Ra6+ Kb4 45. Ke4
Bc3+ 46. Kf3 Bd4 47. g6 Rc3+ 48. Ke4 Re3+ 49. Kd5 Rg3 50. g7 Bc3 51. Ra8 e4 52.
g8=Q Rxg8 53. Rxg8 e3 54. Re8 Bd2 55. Rf7 Kc3 56. Rxf4 e2 57. Rf3+ Kxc2 58.
Rxe2 1-0

[Event "Ste-Foy 1"]
[Site "Ste-Foy CAN"]
[Date "2022.11.21"]
[Round "3"]
[White "Michaud, Jacques"]
[Black "Laflamme, Simon"]
[Result "0-1"]
[WhiteElo "1513"]
[BlackElo "2017"]
[PlyCount "84"]
[EventDate "2022.11.07"]
[EventType "swiss"]
[EventRounds "7"]
[EventCountry "CAN"]

1. d4 Nf6 2. c4 e6 3. Nf3 d5 4. Bg5 Be7 5. e3 O-O 6. Nc3 h6 7. Bh4 b6 8. cxd5
exd5 9. Bd3 Bb7 10. O-O Ne4 11. Bxe7 Qxe7 12. Ne5 Nxc3 13. bxc3 Nd7 14. Nxd7
Qxd7 15. Qh5 f5 16. f4 a5 17. Rf3 Qf7 18. Qh3 Ba6 19. Bxa6 Rxa6 20. Rg3 Kh7 21.
Rb1 Raa8 22. Rg5 g6 23. Qh4 Rae8 24. Rg3 Kg7 25. Rh3 Rh8 26. Rf1 Qd7 27. Qg3
Re6 28. Qf3 Re4 29. Rg3 Qe7 30. Qh5 Qf6 31. Rb1 Kf7 32. Qe2 Rhe8 33. Qb5 Qe6
34. Rh3 Kg7 35. Re1 Rxf4 36. Re2 Re4 37. Rg3 f4 38. Rf3 g5 39. Rff2 Rxe3 40.
Rxe3 fxe3 41. Rf5 Qxf5 42. Qxe8 Qf2+ 0-1

[Event "Ste-Foy 1"]
[Site "Ste-Foy CAN"]
[Date "2022.11.21"]
[Round "3"]
[White "Poliquin, Yvon"]
[Black "Fleury, Dominic"]
[Result "0-1"]
[WhiteElo "1915"]
[BlackElo "1415"]
[PlyCount "76"]
[EventDate "2022.11.07"]
[EventType "swiss"]
[EventRounds "7"]
[EventCountry "CAN"]

1. e4 e5 2. Nc3 Nf6 3. f4 d6 4. Nf3 Nc6 5. d4 exd4 6. Nxd4 Nxd4 7. Qxd4 c5 8.
Qd1 Be7 9. Be2 O-O 10. O-O a6 11. a4 b6 12. Bf3 Bb7 13. g4 Qc7 14. Qe2 Rad8 15.
Qg2 d5 16. exd5 Bd6 17. g5 Nd7 18. Bg4 f5 19. Be2 Rfe8 20. Qh3 Nf8 21. Bd3 c4
22. Bxf5 Bc5+ 23. Kg2 Rxd5 24. Nxd5 Bxd5+ 25. Kg3 Re2 26. Bg4 Rxc2 27. Bf3 Be6
28. Bg4 Qc6 29. Bxe6+ Nxe6 30. Rf3 Nd4 31. Re3 Ne2+ 32. Rxe2 Rxe2 33. Qf1 Bf2+
34. Kg4 Qe6+ 35. Kf3 Qe4+ 36. Kg4 h5+ 37. gxh6 Qg6+ 38. Kh3 Qh5+ 0-1

[Event "Ste-Foy 1"]
[Site "Ste-Foy CAN"]
[Date "2022.11.28"]
[Round "4"]
[White "Belanger, Mathieu-Olivier"]
[Black "Gingras, Philippe"]
[Result "1-0"]
[WhiteElo "1797"]
[BlackElo "1936"]
[PlyCount "95"]
[EventDate "2022.11.07"]
[EventType "swiss"]
[EventRounds "7"]
[EventCountry "CAN"]

1. e4 c6 2. d4 d5 3. e5 c5 4. dxc5 Nc6 5. Bb5 e6 6. b4 a5 7. c3 Nge7 8. Nf3
axb4 9. cxb4 Bd7 10. Bxc6 Bxc6 11. O-O b6 12. Be3 Nf5 13. Nd4 Nxd4 14. Bxd4
bxc5 15. bxc5 Qa5 16. Nd2 Be7 17. Nb3 Qa4 18. Re1 O-O 19. Re3 Rfb8 20. Rh3 Rb4
21. Qd3 h6 22. Qd2 Bb5 23. Rg3 Kf8 24. Rf3 Bg5 25. Qb2 Bc4 26. h3 Qb5 27. Qc2
Kg8 28. g3 Rb8 29. h4 Be7 30. Rb1 Be2 31. Re3 Bc4 32. Rf3 Qa4 33. Qd2 Qb5 34.
Qf4 Qe8 35. Qg4 Be2 36. Kg2 Bxf3+ 37. Kxf3 Qa4 38. Ra1 Qa6 39. Qf4 Ra4 40. Qc1
Qd3+ 41. Qe3 Qc2 42. Qe2 Rxb3+ 43. axb3 Qf5+ 44. Kg2 Rxd4 45. c6 Re4 46. Qc2
Qxe5 47. Ra8+ Kh7 48. c7 1-0

[Event "Ste-Foy 1"]
[Site "Ste-Foy CAN"]
[Date "2022.11.28"]
[Round "4"]
[White "Dube, Dominic"]
[Black "Berube, Antoine"]
[Result "0-1"]
[WhiteElo "1765"]
[BlackElo "2158"]
[PlyCount "98"]
[EventDate "2022.11.07"]
[EventType "swiss"]
[EventRounds "7"]
[EventCountry "CAN"]

1. e4 c5 2. Nf3 d6 3. d4 cxd4 4. Nxd4 Nf6 5. Nc3 a6 6. a4 g6 7. Bc4 Bg7 8. f3
Bd7 9. Be3 Nc6 10. O-O Rc8 11. Be2 O-O 12. f4 Nxd4 13. Bxd4 Bc6 14. e5 dxe5 15.
fxe5 Ne4 16. Nxe4 Bxe4 17. c3 Qd5 18. Bf3 Rfd8 19. Bxe4 Qxe4 20. Re1 Qc6 21.
Qb3 e6 22. Rad1 Rd5 23. Bb6 Rxd1 24. Rxd1 Bxe5 25. Be3 b5 26. Qb4 bxa4 27. Qe7
Re8 28. Qa7 Bc7 29. Rf1 Rd8 30. Kh1 Rd7 31. Bh6 Bf4 32. Qf2 Bxh6 33. Qh4 Bg7
34. h3 h6 35. Ra1 Qb5 36. Re1 Qxb2 37. Qxa4 Qd2 38. Rb1 Bxc3 39. Rb8+ Rd8 40.
Rb1 a5 41. Rf1 Qd4 42. Qc6 Bb4 43. Qc7 Qd7 44. Qf4 Bf8 45. h4 h5 46. Qg5 a4 47.
Qf6 a3 48. g4 Bg7 49. Qg5 Qd5+ 0-1

[Event "Ste-Foy 1"]
[Site "Ste-Foy CAN"]
[Date "2022.11.28"]
[Round "4"]
[White "Fleury, Dominic"]
[Black "Sarra-Bournet, Marc"]
[Result "1/2-1/2"]
[WhiteElo "1415"]
[BlackElo "1767"]
[PlyCount "55"]
[EventDate "2022.11.07"]
[EventType "swiss"]
[EventRounds "7"]
[EventCountry "CAN"]

1. e4 e5 2. Nf3 Nc6 3. Bb5 a6 4. Bxc6 dxc6 5. d3 Bc5 6. Nc3 f6 7. Be3 Bxe3 8.
fxe3 Ne7 9. Qd2 O-O 10. O-O-O c5 11. h4 Bg4 12. Qf2 Qe8 13. Rdg1 b5 14. h5 h6
15. Nd5 Nxd5 16. exd5 e4 17. Rh4 f5 18. Nd2 exd3 19. e4 fxe4 20. Qg3 e3 21.
Rxg4 exd2+ 22. Kb1 Qe2 23. Rxg7+ Kh8 24. Rh7+ Kxh7 25. Qg6+ Kh8 26. Qxh6+ Kg8
27. Qg6+ Kh8 28. Qh6+ 1/2-1/2

[Event "Ste-Foy 1"]
[Site "Ste-Foy CAN"]
[Date "2022.11.28"]
[Round "4"]
[White "Gaudreau, Eric"]
[Black "Couture, Francois"]
[Result "1-0"]
[WhiteElo "1658"]
[BlackElo "1186"]
[PlyCount "83"]
[EventDate "2022.11.07"]
[EventType "swiss"]
[EventRounds "7"]
[EventCountry "CAN"]

1. e4 c5 2. Nc3 e6 3. g3 Nc6 4. Bg2 a6 5. Nge2 Qc7 6. d3 Nf6 7. O-O Be7 8. h3
O-O 9. f4 d6 10. Be3 b5 11. e5 dxe5 12. fxe5 Nd7 13. d4 Bb7 14. d5 Ncxe5 15.
Bf4 Qb6 16. Kh2 Bf6 17. Qc1 Rfd8 18. Bg5 Bxg5 19. Qxg5 f6 20. Qh5 Nf8 21. Nf4
Nc4 22. Qe2 e5 23. Nh5 Nd6 24. Qg4 Ng6 25. Rae1 Bc8 26. Qe2 Rf8 27. g4 Bd7 28.
Ne4 f5 29. Nxd6 Qxd6 30. gxf5 Bxf5 31. Be4 Bxe4 32. Qxe4 Rae8 33. Kh1 Nf4 34.
Nxf4 Rxf4 35. Rxf4 Rf8 36. Rxf8+ Qxf8 37. Kg2 Qf6 38. h4 Qh6 39. Qxe5 Qg6+ 40.
Kh3 h6 41. Qe8+ Qxe8 42. Rxe8+ 1-0

[Event "Ste-Foy 1"]
[Site "Ste-Foy CAN"]
[Date "2022.11.28"]
[Round "4"]
[White "Laflamme, Simon"]
[Black "Laurendeau, Alfred"]
[Result "1/2-1/2"]
[WhiteElo "2017"]
[BlackElo "1508"]
[PlyCount "67"]
[EventDate "2022.11.07"]
[EventType "swiss"]
[EventRounds "7"]
[EventCountry "CAN"]

1. d4 Nf6 2. c4 e6 3. g3 Bb4+ 4. Bd2 Nc6 5. Bg2 Qe7 6. a3 Bxd2+ 7. Nxd2 Nxd4 8.
e3 Nc6 9. Ngf3 d6 10. O-O e5 11. b4 O-O 12. b5 Nb8 13. Qc2 Nbd7 14. Nb3 Rb8 15.
Rfd1 b6 16. a4 Bb7 17. a5 Nc5 18. axb6 axb6 19. Nxc5 dxc5 20. Ra7 Bxf3 21. Bxf3
e4 22. Bg2 Ra8 23. Rxa8 Rxa8 24. h3 h5 25. Kf1 Qe5 26. Ke2 g6 27. Kf1 Ra1 28.
Ke2 Rxd1 29. Kxd1 Kg7 30. Ke2 Kh6 31. Kf1 g5 32. Kg1 Kg6 33. Bh1 Kh6 34. Bg2
1/2-1/2

[Event "Ste-Foy 1"]
[Site "Ste-Foy CAN"]
[Date "2022.11.28"]
[Round "4"]
[White "Potvin, Alain-Nicolas"]
[Black "Michaud, Jacques"]
[Result "1-0"]
[WhiteElo "1677"]
[BlackElo "1513"]
[PlyCount "67"]
[EventDate "2022.11.07"]
[EventType "swiss"]
[EventRounds "7"]
[EventCountry "CAN"]

1. Nf3 Nf6 2. d4 g6 3. Bf4 Bg7 4. e3 O-O 5. Be2 c5 6. c3 cxd4 7. exd4 d5 8. O-O
Nc6 9. h3 b6 10. Nbd2 Bb7 11. Re1 Ne4 12. Bd3 f5 13. Ng5 Qd7 14. f3 h6 15. fxe4
hxg5 16. Bxg5 fxe4 17. Be2 e5 18. Bg4 Qd6 19. dxe5 Nxe5 20. Nxe4 Qc6 21. Nd2
Nxg4 22. Qxg4 Bc8 23. Qh4 Qc5+ 24. Be3 Qd6 25. Nf3 Bf6 26. Bg5 Bf5 27. Bxf6
Rxf6 28. Ng5 Qc5+ 29. Kh1 Qc7 30. Re3 Be4 31. Nxe4 Rf4 32. Nf6+ Kf8 33. Qh8+
Kf7 34. Qh7+ 1-0

[Event "Ste-Foy 1"]
[Site "Ste-Foy CAN"]
[Date "2022.11.28"]
[Round "4"]
[White "Warren, Alexandre"]
[Black "Jardine, Robert"]
[Result "1/2-1/2"]
[WhiteElo "1428"]
[BlackElo "1167"]
[PlyCount "127"]
[EventDate "2022.11.07"]
[EventType "swiss"]
[EventRounds "7"]
[EventCountry "CAN"]

1. d4 d6 2. Bf4 g6 3. Nc3 Bg7 4. e4 e6 5. Nf3 Ne7 6. Qd2 c6 7. Be2 f5 8. O-O-O
b5 9. Bh6 Kf7 10. Bxg7 Kxg7 11. a3 Nd7 12. d5 exd5 13. exd5 Qa5 14. dxc6 Nxc6
15. Bxb5 Nce5 16. Nxe5 Nxe5 17. Qxd6 Nf7 18. Qd4+ Kg8 19. Rhe1 Bb7 20. Qf6 Rf8
21. Bc4 Qc7 22. Bxf7+ Qxf7 23. Qxf7+ Rxf7 24. Re8+ Kg7 25. Rxh8 Kxh8 26. f3 Kg7
27. Nb5 Bc6 28. Nd6 Re7 29. c4 a5 30. b4 axb4 31. axb4 Kf8 32. b5 Ba8 33. c5
Rc7 34. c6 Ke7 35. Nb7 Bxb7 36. Kb2 Bc8 37. Kc3 Bb7 38. Kb4 Bxc6 39. Rc1 Kd6
40. Ka5 Bxb5 41. Rxc7 Kxc7 42. Kxb5 Kd6 43. Kc4 Ke5 44. g3 f4 45. Kd3 h5 46.
Kd2 g5 47. Kd3 g4 48. Ke2 Kf5 49. Kf2 Kg5 50. fxg4 Kxg4 51. gxf4 Kxf4 52. Kg2
Kg4 53. h3+ Kf4 54. Kf2 h4 55. Kg2 Ke3 56. Kg1 Kf3 57. Kh2 Kf2 58. Kh1 Kg3 59.
Kg1 Kxh3 60. Kh1 Kg3 61. Kg1 h3 62. Kh1 Kg4 63. Kh2 Kh4 64. Kg1 1/2-1/2

[Event "Ste-Foy 1"]
[Site "Ste-Foy CAN"]
[Date "2022.12.05"]
[Round "5"]
[White "Berube, Antoine"]
[Black "Gingras, Philippe"]
[Result "1-0"]
[WhiteElo "2158"]
[BlackElo "1936"]
[PlyCount "65"]
[EventDate "2022.11.07"]
[EventType "swiss"]
[EventRounds "7"]
[EventCountry "CAN"]

1. d4 Nf6 2. c4 e6 3. Nf3 Bb4+ 4. Nbd2 c5 5. a3 Bxd2+ 6. Qxd2 cxd4 7. Nxd4 d5
8. cxd5 Qxd5 9. e3 O-O 10. Nb5 Na6 11. Qxd5 Nxd5 12. e4 Nb6 13. Be3 Bd7 14.
Nxa7 Rxa7 15. Bxb6 Raa8 16. Rd1 Bc6 17. f3 Nb8 18. Be2 Nd7 19. Be3 Rfc8 20. Kf2
Ne5 21. Rd4 h6 22. h4 Ra4 23. Rc1 Rxd4 24. Bxd4 Ng6 25. g3 Rd8 26. Bc3 Ra8 27.
Rd1 Ne7 28. h5 Kh7 29. Ke3 f5 30. Rd6 fxe4 31. fxe4 e5 32. Re6 Re8 33. Rxe5 1-0

[Event "Ste-Foy 1"]
[Site "Ste-Foy CAN"]
[Date "2022.12.05"]
[Round "5"]
[White "Fleury, Dominic"]
[Black "Laflamme, Simon"]
[Result "0-1"]
[WhiteElo "1415"]
[BlackElo "2017"]
[PlyCount "70"]
[EventDate "2022.11.07"]
[EventType "swiss"]
[EventRounds "7"]
[EventCountry "CAN"]

1. e4 c5 2. Nf3 Nc6 3. d4 cxd4 4. Nxd4 Nf6 5. Nc3 e5 6. Nf3 Bb4 7. Bd2 O-O 8.
Bd3 Bxc3 9. Bxc3 d5 10. Nxe5 Nxe5 11. Bxe5 Re8 12. Bxf6 Qxf6 13. O-O dxe4 14.
Re1 Bf5 15. Qe2 Rf8 16. Bb5 Rfd8 17. c3 a6 18. Ba4 Rd6 19. f3 b5 20. fxe4 Re6
21. Bc2 Rae8 22. Qf3 Qg5 23. Qxf5 Qxf5 24. exf5 Rxe1+ 25. Rxe1 Rxe1+ 26. Kf2
Ra1 27. Bb3 Rb1 28. h4 Rxb2+ 29. Kf3 a5 30. Bd5 Rc2 31. c4 b4 32. g4 a4 33. Ke3
b3 34. axb3 axb3 35. Be4 Rc3+ 0-1

[Event "Ste-Foy 1"]
[Site "Ste-Foy CAN"]
[Date "2022.12.05"]
[Round "5"]
[White "Laurendeau, Alfred"]
[Black "Potvin, Alain-Nicolas"]
[Result "0-1"]
[WhiteElo "1508"]
[BlackElo "1677"]
[PlyCount "62"]
[EventDate "2022.11.07"]
[EventType "swiss"]
[EventRounds "7"]
[EventCountry "CAN"]

1. d4 g6 2. c4 Bg7 3. Nf3 d6 4. Nc3 Nf6 5. Bf4 O-O 6. h3 Nbd7 7. e3 a6 8. Be2
c5 9. O-O Re8 10. Bh2 b6 11. d5 Nf8 12. e4 N6d7 13. Nd2 h6 14. f4 Nh7 15. Nf3
Ndf8 16. e5 Qc7 17. Bd3 Bd7 18. Qc2 Rad8 19. f5 gxf5 20. Bxf5 Qc8 21. e6 fxe6
22. Bxh7+ Nxh7 23. Rae1 e5 24. Nh4 Nf8 25. Qf2 Bf6 26. Ne4 Nh7 27. Qg3+ Ng5 28.
Nxf6+ exf6 29. Rxf6 Kh7 30. Rxd6 Rg8 31. Qxe5 Rde8 0-1

[Event "Ste-Foy 1"]
[Site "Ste-Foy CAN"]
[Date "2022.12.05"]
[Round "5"]
[White "Mercure, Gilbert"]
[Black "Dube, Dominic"]
[Result "1-0"]
[WhiteElo "1922"]
[BlackElo "1765"]
[PlyCount "67"]
[EventDate "2022.11.07"]
[EventType "swiss"]
[EventRounds "7"]
[EventCountry "CAN"]

1. e4 c6 2. d4 d5 3. e5 Bf5 4. g4 Bg6 5. h4 h5 6. e6 hxg4 7. Bd3 Qd6 8. exf7+
Bxf7 9. Ne2 Nf6 10. Bf4 Qb4+ 11. c3 Qxb2 12. Nd2 Nh5 13. Be5 Nd7 14. Bc7 b5 15.
a4 e5 16. Rb1 Qa3 17. Bf5 g3 18. fxg3 exd4 19. cxd4 Rc8 20. Bxd7+ Kxd7 21. Be5
b4 22. O-O Qe3+ 23. Kg2 Bg6 24. Rb3 Bd3 25. Rf2 c5 26. Nf4 Qxg3+ 27. Kh1 Nxf4
28. Rxf4 c4 29. Rf7+ Ke6 30. Bxg3 Kxf7 31. Qf3+ Ke8 32. Rxd3 cxd3 33. Qxd3 Rc3
34. Qb5+ 1-0

[Event "Ste-Foy 1"]
[Site "Ste-Foy CAN"]
[Date "2022.12.05"]
[Round "5"]
[White "Poliquin, Yvon"]
[Black "Gaudreau, Eric"]
[Result "1-0"]
[WhiteElo "1915"]
[BlackElo "1658"]
[PlyCount "69"]
[EventDate "2022.11.07"]
[EventType "swiss"]
[EventRounds "7"]
[EventCountry "CAN"]

1. e4 c5 2. Nf3 e6 3. d4 cxd4 4. Nxd4 Nf6 5. Nc3 d6 6. Be3 Qc7 7. Ndb5 Qa5 8.
Qd2 a6 9. Nxd6+ Bxd6 10. Qxd6 Nxe4 11. Qd4 Nxc3 12. Bd2 e5 13. Bxc3 exd4 14.
Bxa5 Nc6 15. Bb6 Bf5 16. Bd3 Bxd3 17. cxd3 Nb4 18. Kd2 O-O 19. Bc5 a5 20. Bxf8
Kxf8 21. a3 Nc6 22. b4 axb4 23. axb4 Rxa1 24. Rxa1 Nxb4 25. Rb1 Nd5 26. Rxb7
Nf4 27. g3 Ne6 28. f4 g6 29. Ra7 Kg7 30. Ke2 Kf6 31. Ra6 h5 32. Kf3 Ke7 33.
Ra7+ Kf6 34. Ke4 Kg7 35. Ke5 1-0

[Event "Ste-Foy 1"]
[Site "Ste-Foy CAN"]
[Date "2022.12.05"]
[Round "5"]
[White "Sarra-Bournet, Marc"]
[Black "Belanger, Mathieu-Olivier"]
[Result "0-1"]
[WhiteElo "1767"]
[BlackElo "1797"]
[PlyCount "126"]
[EventDate "2022.11.07"]
[EventType "swiss"]
[EventRounds "7"]
[EventCountry "CAN"]

1. e4 e5 2. Nf3 Nc6 3. Bb5 Nf6 4. O-O Nxe4 5. Qe2 Nd6 6. Bxc6 dxc6 7. Nxe5 Be7
8. Re1 Be6 9. d4 O-O 10. Nd2 Re8 11. Ndf3 Bf8 12. Ng5 h6 13. Nxe6 Rxe6 14. Qg4
Nc4 15. c3 Qe8 16. b3 Nxe5 17. dxe5 Rxe5 18. Bd2 Rd8 19. Rxe5 Qxe5 20. Re1 Qa5
21. Bxh6 Qxc3 22. Rf1 Qc2 23. Bg5 Rd5 24. Bh4 Qxa2 25. Qc8 Qe2 26. h3 g5 27.
Bg3 Rd1 28. Rxd1 Qxd1+ 29. Kh2 Qxb3 30. Bxc7 Qb4 31. Qb8 a5 32. Qd8 Qc5 33.
Bxa5 Qd6+ 34. Kg1 Qxd8 35. Bxd8 b5 36. Kf1 Bh6 37. Ke2 Kf8 38. Kd3 Ke8 39. Bf6
Kd7 40. h4 gxh4 41. Bxh4 Kd6 42. g4 c5 43. g5 c4+ 44. Kc3 Bg7+ 45. Kb4 Kd5 46.
f3 Kd4 47. Be1 Kd3 48. Kxb5 c3 49. Bg3 Bd4 50. Bd6 c2 51. Ba3 Be3 52. Kc6 c1=Q+
53. Bxc1 Bxc1 54. Kd6 Bxg5 55. Ke5 f6+ 56. Kf5 Ke3 57. Kg4 Bf4 58. Kf5 Be5 59.
Kg4 Bc3 60. Kg3 f5 61. Kg2 f4 62. Kg1 Kxf3 63. Kf1 Ke3 0-1

[Event "Ste-Foy 1"]
[Site "Ste-Foy CAN"]
[Date "2022.12.12"]
[Round "6"]
[White "Belanger, Mathieu-Olivier"]
[Black "Mercure, Gilbert"]
[Result "1-0"]
[WhiteElo "1797"]
[BlackElo "1922"]
[PlyCount "74"]
[EventDate "2022.11.07"]
[EventType "swiss"]
[EventRounds "7"]
[EventCountry "CAN"]

1. e4 d5 2. exd5 Nf6 3. Bb5+ Nbd7 4. Nf3 a6 5. Be2 b5 6. a4 b4 7. c4 Bb7 8. d4
c6 9. dxc6 Bxc6 10. O-O e6 11. Re1 Be7 12. Bf4 O-O 13. Bf1 a5 14. Qd3 Nh5 15.
Be5 Bxf3 16. Qxf3 Nxe5 17. dxe5 Qd4 18. Ra2 g6 19. b3 Qf4 20. Qxf4 Nxf4 21. g3
Nh5 22. Rd2 Rfd8 23. Red1 Ng7 24. Rd7 Kf8 25. g4 Ke8 26. Rxd8+ Rxd8 27. Rxd8+
Kxd8 28. Nd2 Ne8 29. Ne4 Nc7 30. c5 Kd7 31. Bb5+ Nxb5 32. axb5 a4 33. bxa4 b3
34. c6+ Kc7 35. Nd2 b2 36. Kf1 Kb6 37. Nc4+ Kc5 1-0